États des États-Unis - Tapez la première lettre - Statistiques

Statistiques générales
  • Ce quiz a été pris 2 253 fois
  • Le résultat moyen est 24 sur 50
Réponses sur la Carte
Les réponses sont colorées sur une échelle allant du rouge au vert en fonction du pourcentage des utilisateurs qui les ont devinées à leur premier essai. Vous pouvez retrouver ces pourcentages ci-dessous.
 
Statistiques - réponses
État % Correct
Washington
54%
Alaska
53%
Californie
53%
Hawaï
53%
Nevada
53%
Texas
53%
Nouveau-Mexique
52%
Caroline du Nord
51%
Caroline du Sud
51%
Floride
51%
Louisiane
51%
New York
51%
Arizona
50%
Mississippi
50%
Oregon
50%
Alabama
49%
Illinois
49%
Minnesota
49%
New Jersey
49%
Arkansas
48%
Dakota du Nord
48%
Dakota du Sud
48%
Géorgie
48%
Idaho
48%
Indiana
48%
Kansas
48%
Kentucky
48%
Massachusetts
48%
Michigan
48%
Montana
48%
New Hampshire
48%
Pennsylvanie
48%
Tennessee
48%
Utah
48%
Vermont
48%
Virginie
48%
Virginie-Occidentale
48%
Colorado
47%
Maine
47%
Maryland
47%
Nebraska
47%
Rhode Island
47%
Delaware
46%
Iowa
46%
Oklahoma
46%
Wisconsin
46%
Connecticut
45%
Missouri
45%
Ohio
44%
Wyoming
43%
Aucun quiz correspondant
Distribution des résultats
% des personnes avec chaque résultat
Percentile par nombre de réponses
Votre historique - résultats
Vous n’avez pas pris ce quiz